[Event "EICC 2021"]
[Site "Reykjavik"]
[Date "2021.08.29"]
[Round "4.35"]
[White "Unuk, Laura"]
[Black "Van Foreest, Lucas"]
[Result "0-1"]
[WhiteElo "2407"]
[BlackElo "2544"]
[Annotator "ChessBase"]
[PlyCount "126"]
[EventDate "2021.08.26"]
[EventType "swiss"]
[EventCountry "ISL"]
[Tiebreak "Cut1 Buchholz"]
[SourceTitle "playchess.com"]
[Source "ChessBase"]
[SourceQuality "1"]
[TimeControl "40/5400+30:1800+30"]

1. d4 {[%emt 0:00:06]} g6 {[%emt 0:00:46]} 2. c4 {[%emt 0:01:09]} Bg7 {[%emt 0:
00:13]} 3. Nf3 {[%emt 0:00:13]} d6 {[%emt 0:01:05]} 4. g3 {[%emt 0:00:28]} c5 {
[%emt 0:01:31]} 5. Bg2 {[%emt 0:08:26]} Nc6 {[%emt 0:00:48]} 6. d5 {[%emt 0:03:
49]} Na5 {[%emt 0:00:56]} 7. O-O {[%emt 0:01:15]} Nf6 {[%emt 0:00:12]} 8. Nc3 {
[%emt 0:12:30]} O-O {[%emt 0:00:06]} 9. Nd2 {[%emt 0:00:14]} e6 {[%emt 0:00:03]
} 10. Rb1 {[%emt 0:03:33]} exd5 {[%emt 0:00:09]} 11. cxd5 {[%emt 0:01:03]} Bd7
{[%emt 0:00:19]} 12. b4 {[%emt 0:03:35]} cxb4 {[%emt 0:00:58]} 13. Rxb4 {
[%emt 0:00:06]} Rc8 {[%emt 0:00:03]} 14. Bb2 {[%emt 0:04:42]} Ng4 {[%emt 0:24:
08]} 15. Qa1 {[%emt 0:26:54]} f5 {[%emt 0:18:24]} 16. Nb5 {[%emt 0:05:57]} Bxb2
17. Qxb2 Bxb5 {[%emt 0:00:00]} 18. Rxb5 {[%emt 0:00:09]} Ne5 {[%emt 0:00:00]}
19. Qd4 {[%emt 0:09:44]} b6 {[%emt 0:00:00]} 20. f4 {[%emt 0:04:38]} Nec4 {
[%emt 0:00:00]} 21. e4 {[%emt 0:00:23]} Nxd2 {[%emt 0:00:57]} 22. Qxd2 {
[%emt 0:00:06]} fxe4 {[%emt 0:00:09]} 23. Rb4 {[%emt 0:01:01]} Rc4 {[%emt 0:08:
43]} 24. Bxe4 {[%emt 0:06:13]} Qc7 {[%emt 0:01:17]} 25. Kh1 {[%emt 0:00:11]}
Re8 {[%emt 0:05:48]} 26. Bd3 {[%emt 0:03:59]} Rxb4 {[%emt 0:13:17]} 27. Qxb4 {
[%emt 0:00:02]} Qc5 {[%emt 0:00:36]} 28. Qb5 {[%emt 0:01:11]} Re3 {[%emt 0:03:
48]} 29. f5 {[%emt 0:00:23]} gxf5 {[%emt 0:05:57]} 30. Rxf5 {[%emt 0:00:08]}
Qxb5 {[%emt 0:01:15]} 31. Bxb5 {[%emt 0:00:05]} Nb7 {[%emt 0:00:44]} 32. a4 {
[%emt 0:03:25]} Kg7 {[%emt 0:03:08]} 33. Kg2 {[%emt 0:00:44]} Nc5 {[%emt 0:00:
31]} 34. Rf4 {[%emt 0:00:34]} h5 {[%emt 0:04:15]} 35. Kf2 {[%emt 0:00:31]} Ra3
{[%emt 0:00:27]} 36. h4 {[%emt 0:00:29]} a6 {[%emt 0:02:24]} 37. Be2 {[%emt 0:
00:12]} Kg6 {[%emt 0:00:36]} 38. g4 {[%emt 0:00:45]} hxg4 {[%emt 0:00:24]} 39.
Rxg4+ {[%emt 0:00:33]} Kf5 {[%emt 0:00:43]} 40. Rb4 {[%emt 0:00:12]} Ne4+ {
[%emt 0:04:22]} 41. Kg2 {[%emt 0:07:08]} Ra2 {[%emt 0:02:29]} 42. Kf3 {[%emt 0:
01:08]} Ra3+ {[%emt 0:00:05]} 43. Kg2 {[%emt 0:00:04]} a5 {[%emt 0:00:40]} 44.
Rxb6 {[%emt 0:04:19]} Kf4 {[%emt 0:02:23]} 45. Rb2 {[%emt 0:09:04]} Rxa4 {
[%emt 0:00:09]} 46. h5 {[%emt 0:00:09]} Ra3 {[%emt 0:08:50]} 47. Bb5 {[%emt 0:
05:18]} Rg3+ {[%emt 0:00:47]} 48. Kf1 {[%emt 0:00:30]} Nc3 {[%emt 0:05:25]} 49.
Bc6 {[%emt 0:02:59]} Nd1 {[%emt 0:03:14]} 50. Rb8 {[%emt 0:02:24]} Ne3+ {
[%emt 0:00:03]} 51. Ke2 {[%emt 0:00:09]} Rh3 {[%emt 0:00:06]} 52. Ra8 {[%emt 0:
02:37]} Ke4 {[%emt 0:01:33]} 53. Re8+ {[%emt 0:00:04]} Kd4 {[%emt 0:00:09]} 54.
Ra8 {[%emt 0:00:53]} Nc4 {[%emt 0:00:17]} 55. Rh8 {[%emt 0:00:57]} Ne5 {
[%emt 0:00:08]} 56. Ra8 {[%emt 0:00:27]} Rh2+ {[%emt 0:00:31]} 57. Kf1 {
[%emt 0:00:24]} Ke3 {[%emt 0:00:23]} 58. Rf8 {[%emt 0:00:46]} Rxh5 {[%emt 0:00:
18]} 59. Rf6 {[%emt 0:00:26]} Rh2 {[%emt 0:01:09]} 60. Kg1 {[%emt 0:00:31]} Rc2
{[%emt 0:00:41]} 61. Re6 {[%emt 0:00:10]} Kf3 {[%emt 0:01:21]} 62. Bb5 {
[%emt 0:00:46]} Rc1+ {[%emt 0:00:29]} 63. Bf1 {[%emt 0:00:16]} Kg3 {[%emt 0:00:
18]} 0-1

[Event "EICC 2021"]
[Site "Reykjavik"]
[Date "2021.08.29"]
[Round "4.36"]
[White "Hillarp Persson, Tiger"]
[Black "Sousa, Andre Ventura"]
[Result "1/2-1/2"]
[WhiteElo "2543"]
[BlackElo "2405"]
[Annotator "ChessBase"]
[PlyCount "84"]
[EventDate "2021.08.26"]
[EventType "swiss"]
[EventCountry "ISL"]
[Tiebreak "Cut1 Buchholz"]
[SourceTitle "playchess.com"]
[Source "ChessBase"]
[SourceQuality "1"]
[TimeControl "40/5400+30:1800+30"]

1. d4 {[%emt 0:00:02]} Nf6 {[%emt 0:00:05]} 2. c4 {[%emt 0:00:06]} g6 {[%emt 0:
00:03]} 3. Nc3 {[%emt 0:00:08]} d5 {[%emt 0:00:04]} 4. Nf3 {[%emt 0:01:42]} Bg7
{[%emt 0:00:12]} 5. cxd5 {[%emt 0:00:08]} Nxd5 {[%emt 0:00:06]} 6. e4 {[%emt 0:
00:06]} Nxc3 {[%emt 0:00:03]} 7. bxc3 {[%emt 0:00:06]} c5 {[%emt 0:00:03]} 8.
Be3 {[%emt 0:00:10]} Qa5 {[%emt 0:00:12]} 9. Qd2 {[%emt 0:00:12]} O-O {[%emt 0:
00:19]} 10. Rc1 {[%emt 0:00:07]} Bg4 {[%emt 0:00:05]} 11. Ng5 {[%emt 0:07:52]}
Nc6 {[%emt 0:12:58]} 12. h3 {[%emt 0:04:18]} cxd4 {[%emt 0:04:13]} 13. cxd4 {
[%emt 0:00:36]} Bd7 {[%emt 0:02:50]} 14. d5 {[%emt 0:28:30]} Nb4 {[%emt 0:18:
40]} 15. Bc4 {[%emt 0:02:23]} b5 {[%emt 0:04:01]} 16. Bc5 {[%emt 0:03:39]} bxc4
{[%emt 0:02:08]} 17. Bxb4 {[%emt 0:00:08]} Qb6 {[%emt 0:09:52]} 18. Bc3 {
[%emt 0:02:28]} Bh6 {[%emt 0:03:36]} 19. f4 {[%emt 0:00:30]} f6 {[%emt 0:02:48]
} 20. Nf3 {[%emt 0:00:08]} e5 {[%emt 0:03:53]} 21. dxe6 {[%emt 0:00:19]} Bxe6 {
[%emt 0:03:35]} 22. Nd4 {[%emt 0:00:19]} Rae8 {[%emt 0:04:27]} 23. O-O {
[%emt 0:00:50]} Bc8 {[%emt 0:02:22]} 24. Rb1 {[%emt 0:04:01]} Qa6 {[%emt 0:03:
50]} 25. Rbe1 {[%emt 0:08:21]} Bb7 {[%emt 0:01:07]} 26. Qc2 {[%emt 0:00:15]}
Rf7 {[%emt 0:11:12]} 27. f5 {[%emt 0:02:21]} Qd6 {[%emt 0:02:06]} 28. Ne6 {
[%emt 0:14:46]} Qd3 {[%emt 0:00:49]} 29. Qa4 {[%emt 0:00:07]} Rc8 {[%emt 0:02:
21]} 30. Rf3 {[%emt 0:01:08]} Qd6 {[%emt 0:01:22]} 31. Rd1 {[%emt 0:06:42]}
Qb6+ {[%emt 0:00:12]} 32. Bd4 {[%emt 0:01:05]} Qc6 {[%emt 0:00:14]} 33. Qa5 {
[%emt 0:04:25]} Qxe4 {[%emt 0:00:39]} 34. Bc5 {[%emt 0:02:07]} Qe5 {[%emt 0:02:
57]} 35. Rd8+ {[%emt 0:00:57]} Rf8 {[%emt 0:00:05]} 36. Rd7 {[%emt 0:05:35]}
Rxc5 {[%emt 0:01:52]} 37. Qxa7 {[%emt 0:01:24]} Be3+ {[%emt 0:00:47]} 38. Rxe3
{[%emt 0:00:05]} Qxe3+ {[%emt 0:00:03]} 39. Kh2 {[%emt 0:00:14]} Qe5+ {[%emt 0:
00:10]} 40. Kg1 {[%emt 0:00:23]} Qe1+ {[%emt 0:00:41]} 41. Kh2 {[%emt 0:30:08]}
Qe5+ {[%emt 0:11:24]} 42. Kg1 {[%emt 0:00:00]} Qe1+ {[%emt 0:00:25]} 1/2-1/2

[Event "EICC 2021"]
[Site "Reykjavik"]
[Date "2021.08.29"]
[Round "4.37"]
[White "D`Costa, Lorin"]
[Black "Basso, Pier Luigi"]
[Result "1/2-1/2"]
[WhiteElo "2381"]
[BlackElo "2541"]
[Annotator "ChessBase"]
[PlyCount "153"]
[EventDate "2021.08.26"]
[EventType "swiss"]
[EventCountry "ISL"]
[Tiebreak "Cut1 Buchholz"]
[SourceTitle "playchess.com"]
[Source "ChessBase"]
[SourceQuality "1"]
[TimeControl "40/5400+30:1800+30"]

1. Nf3 {[%emt 0:00:05]} d5 {[%emt 0:02:13]} 2. d4 {[%emt 0:00:34]} Nf6 {
[%emt 0:02:44]} 3. c4 {[%emt 0:00:27]} c6 {[%emt 0:00:06]} 4. Qb3 {[%emt 0:01:
01]} dxc4 {[%emt 0:00:07]} 5. Qxc4 {[%emt 0:00:11]} Bg4 {[%emt 0:00:07]} 6.
Nbd2 {[%emt 0:00:39]} Nbd7 {[%emt 0:00:14]} 7. g3 {[%emt 0:00:36]} e6 {[%emt 0:
00:06]} 8. Bg2 {[%emt 0:00:15]} Bd6 {[%emt 0:00:06]} 9. O-O {[%emt 0:00:50]}
O-O {[%emt 0:00:08]} 10. Qb3 {[%emt 0:06:47]} Nb6 {[%emt 0:00:16]} 11. Re1 {
[%emt 0:07:45]} a5 {[%emt 0:25:42]} 12. Ne5 {[%emt 0:45:26]} a4 {[%emt 0:03:47]
} 13. Qc2 {[%emt 0:01:59]} Bh5 {[%emt 0:00:35]} 14. Ndc4 {[%emt 0:05:56]} Nxc4
{[%emt 0:06:20]} 15. Nxc4 {[%emt 0:02:14]} Bc7 {[%emt 0:02:56]} 16. e3 {
[%emt 0:07:23]} Nd7 {[%emt 0:09:31]} 17. Bd2 {[%emt 0:04:26]} Bg6 {[%emt 0:03:
07]} 18. Qd1 {[%emt 0:01:48]} Qb8 {[%emt 0:03:47]} 19. b4 {[%emt 0:06:47]} Rd8
{[%emt 0:06:02]} 20. Qc1 {[%emt 0:00:56]} e5 {[%emt 0:01:43]} 21. Bc3 {[%emt 0:
00:59]} exd4 {[%emt 0:01:55]} 22. Bxd4 {[%emt 0:00:06]} Ne5 {[%emt 0:00:09]}
23. Qc3 {[%emt 0:02:10]} f6 {[%emt 0:03:29]} 24. h3 {[%emt 0:01:00]} Bf7 {
[%emt 0:01:33]} 25. Nd2 {[%emt 0:00:25]} Nd7 {[%emt 0:04:45]} 26. a3 {[%emt 0:
00:55]} Nb6 {[%emt 0:01:41]} 27. Rad1 {[%emt 0:00:35]} Qc8 {[%emt 0:01:46]} 28.
f4 {[%emt 0:00:48]} Qe6 {[%emt 0:01:06]} 29. Kh2 {[%emt 0:00:34]} Nc8 {[%emt 0:
05:12]} 30. Ne4 {[%emt 0:00:48]} Nd6 {[%emt 0:00:09]} 31. Nxd6 {[%emt 0:00:44]}
Rxd6 {[%emt 0:00:04]} 32. Bc5 {[%emt 0:00:32]} Rdd8 {[%emt 0:00:31]} 33. e4 {
[%emt 0:00:35]} Qb3 {[%emt 0:02:13]} 34. Qc1 {[%emt 0:00:11]} h5 {[%emt 0:01:
29]} 35. h4 {[%emt 0:00:11]} Be6 {[%emt 0:00:06]} 36. Be7 {[%emt 0:01:06]} Re8
{[%emt 0:00:35]} 37. Bd6 {[%emt 0:00:14]} Bb6 {[%emt 0:00:40]} 38. f5 {[%emt 0:
00:58]} Bf7 {[%emt 0:00:31]} 39. e5 {[%emt 0:00:15]} fxe5 {[%emt 0:00:26]} 40.
Bxe5 {[%emt 0:00:32]} Bf2 {[%emt 0:04:24]} 41. Qf4 {[%emt 0:21:46]} Bxe1 {
[%emt 0:03:10]} 42. Rxe1 {[%emt 0:00:56]} Bd5 {[%emt 0:22:47]} 43. Qg5 {
[%emt 0:05:25]} Rxe5 {[%emt 0:00:18]} 44. Rxe5 {[%emt 0:00:05]} Qb2 {[%emt 0:
01:20]} 45. Rxd5 {[%emt 0:03:03]} cxd5 {[%emt 0:00:05]} 46. f6 {[%emt 0:01:06]}
Qxf6 {[%emt 0:00:09]} 47. Bxd5+ {[%emt 0:00:39]} Kf8 {[%emt 0:00:08]} 48. Qxh5
{[%emt 0:00:43]} Rd8 {[%emt 0:00:22]} 49. Kh3 {[%emt 0:01:00]} b6 {[%emt 0:00:
43]} 50. Qh8+ {[%emt 0:00:28]} Ke7 {[%emt 0:00:06]} 51. Qh5 {[%emt 0:00:02]}
Rd6 {[%emt 0:02:47]} 52. b5 {[%emt 0:00:50]} Qf1+ {[%emt 0:01:05]} 53. Bg2 {
[%emt 0:00:12]} Qf7 {[%emt 0:00:15]} 54. Qh8 {[%emt 0:00:55]} Rd8 {[%emt 0:02:
18]} 55. Qh7 {[%emt 0:00:13]} Rd2 {[%emt 0:04:32]} 56. Qh8 {[%emt 0:00:27]} Rd8
{[%emt 0:01:52]} 57. Qh7 {[%emt 0:00:03]} g5 {[%emt 0:01:05]} 58. Qc2 {[%emt 0:
01:01]} gxh4 {[%emt 0:00:12]} 59. Qc7+ {[%emt 0:00:42]} Rd7 {[%emt 0:00:04]}
60. Qxb6 {[%emt 0:00:27]} Qf5+ {[%emt 0:03:17]} 61. Kxh4 {[%emt 0:00:32]} Qh7+
{[%emt 0:00:26]} 62. Kg4 {[%emt 0:00:36]} Qg7+ {[%emt 0:00:05]} 63. Kh3 {
[%emt 0:00:28]} Qh8+ {[%emt 0:00:06]} 64. Kg4 {[%emt 0:00:06]} Qd4+ {[%emt 0:
01:35]} 65. Qxd4 {[%emt 0:00:05]} Rxd4+ {[%emt 0:00:03]} 66. Kf5 {[%emt 0:00:
45]} Rd3 {[%emt 0:00:05]} 67. b6 {[%emt 0:01:07]} Kd6 {[%emt 0:00:10]} 68. b7 {
[%emt 0:00:24]} Kc7 {[%emt 0:00:04]} 69. g4 {[%emt 0:00:26]} Rxa3 {[%emt 0:00:
15]} 70. Bc6 {[%emt 0:00:41]} Ra1 {[%emt 0:00:18]} 71. Bxa4 {[%emt 0:00:32]}
Rxa4 {[%emt 0:00:05]} 72. g5 {[%emt 0:00:05]} Kxb7 {[%emt 0:00:57]} 73. g6 {
[%emt 0:00:20]} Kc6 {[%emt 0:01:18]} 74. g7 {[%emt 0:00:19]} Ra8 {[%emt 0:00:
04]} 75. Ke6 {[%emt 0:00:27]} Rg8 {[%emt 0:00:26]} 76. Kf7 {[%emt 0:00:04]}
Rxg7+ {[%emt 0:00:03]} 77. Kxg7 {[%emt 0:00:36]} 1/2-1/2

[Event "EICC 2021"]
[Site "Reykjavik"]
[Date "2021.08.29"]
[Round "4.38"]
[White "Valsecchi, Alessio"]
[Black "Kanyamarala, Tarun"]
[Result "0-1"]
[WhiteElo "2527"]
[BlackElo "2369"]
[PlyCount "158"]
[EventDate "2021.08.26"]
[EventType "swiss"]
[EventCountry "ISL"]
[Tiebreak "Cut1 Buchholz"]
[SourceTitle "playchess.com"]
[Source "ChessBase"]
[SourceQuality "1"]

1. e4 c5 2. Nf3 Nc6 3. Nc3 e5 4. Bc4 d6 5. d3 Be7 6. a4 Nf6 7. Bg5 O-O 8. Bxf6
Bxf6 9. Nd5 Be6 10. c3 Bg5 11. Nxg5 Qxg5 12. Ne3 Rad8 13. h4 Qf6 14. a5 Ne7 15.
Qb3 Rd7 16. h5 h6 17. Qa4 Rfd8 18. Qb3 Bxc4 19. dxc4 Qf4 20. Qc2 f5 21. g3 Qf3
22. Rh4 f4 23. gxf4 exf4 24. Nf1 Nf5 25. Rh2 Re7 26. Nd2 Qg4 27. Rh1 Nh4 28.
Qd3 Qxh5 29. f3 Qg5 30. O-O-O Ng6 31. Nb3 b6 32. Rhg1 Qf6 33. axb6 axb6 34.
Qd5+ Kh7 35. Qc6 Rdd7 36. Qxb6 Ne5 37. Nd2 Rb7 38. Qd8 Rbd7 39. Qc8 Qe6 40. Rg2
Re8 41. Qa6 Rb8 42. Rdg1 Rdb7 43. b3 Rf7 44. Kc2 Rbb7 45. Qa8 Qd7 46. Rh1 Qe6
47. Rhg1 Qh3 48. Qd8 Rbd7 49. Qe8 Rde7 50. Qb8 Nxf3 51. Nxf3 Qxf3 52. Qxd6
Qxe4+ 53. Kb2 f3 54. Rh2 Qf5 55. Rxg7+ Rxg7 56. Rxh6+ Kg8 57. Qb8+ Kf7 58. Rh8
Qe5 59. Qa8 Rg2+ 60. Ka3 Qxh8 61. Qxf3+ Qf6 62. Qd5+ Re6 63. Qb7+ Qe7 64. Qxg2
Qa7+ 65. Kb2 Qe7 66. Ka3 Qd6 67. Qb7+ Re7 68. Qf3+ Ke8 69. Qa8+ Kd7 70. Qb7+
Kd8 71. Qa8+ Kd7 72. Qb7+ Ke6 73. Qe4+ Qe5 74. Qc6+ Kf7 75. Qf3+ Qf6 76. Qd5+
Re6 77. Qh5+ Kf8 78. Qh2 Qxc3 79. Qf4+ Qf6 0-1

[Event "EICC 2021"]
[Site "Reykjavik"]
[Date "2021.08.29"]
[Round "4.39"]
[White "Stefansson, Vignir Vatnar"]
[Black "Petrov, Martin"]
[Result "1/2-1/2"]
[WhiteElo "2371"]
[BlackElo "2521"]
[Annotator "ChessBase"]
[PlyCount "92"]
[EventDate "2021.08.26"]
[EventType "swiss"]
[EventCountry "ISL"]
[Tiebreak "Cut1 Buchholz"]
[SourceTitle "playchess.com"]
[Source "ChessBase"]
[SourceQuality "1"]
[TimeControl "40/5400+30:1800+30"]

1. d4 {[%emt 0:00:18]} Nf6 {[%emt 0:00:08]} 2. Nf3 {[%emt 0:00:35]} e6 {
[%emt 0:00:08]} 3. g3 {[%emt 0:01:06]} d5 {[%emt 0:00:40]} 4. Bg2 {[%emt 0:00:
25]} Nbd7 {[%emt 0:09:24]} 5. c4 {[%emt 0:02:21]} Bb4+ {[%emt 0:04:50]} 6. Nbd2
{[%emt 0:00:38]} O-O {[%emt 0:01:44]} 7. O-O {[%emt 0:00:38]} b6 {[%emt 0:04:
35]} 8. Qa4 {[%emt 0:14:32]} a5 {[%emt 0:07:23]} 9. Ne5 {[%emt 0:10:30]} Bd6 {
[%emt 0:13:55]} 10. Nxd7 {[%emt 0:03:13]} Bxd7 {[%emt 0:01:02]} 11. Qc2 {
[%emt 0:00:17]} c5 {[%emt 0:04:51]} 12. dxc5 {[%emt 0:10:03]} Bxc5 {[%emt 0:00:
50]} 13. cxd5 {[%emt 0:13:26]} Rc8 {[%emt 0:03:19]} 14. Qd3 {[%emt 0:01:39]}
Nxd5 {[%emt 0:00:41]} 15. Nb3 {[%emt 0:04:39]} Nb4 {[%emt 0:07:29]} 16. Qd1 {
[%emt 0:00:05]} Be7 {[%emt 0:03:31]} 17. Nd4 {[%emt 0:00:07]} e5 {[%emt 0:08:
13]} 18. a3 {[%emt 0:01:31]} exd4 {[%emt 0:02:32]} 19. axb4 {[%emt 0:00:05]}
Bxb4 {[%emt 0:00:50]} 20. Qxd4 {[%emt 0:00:11]} Bb5 {[%emt 0:00:49]} 21. Qxd8 {
[%emt 0:03:33]} Rfxd8 {[%emt 0:00:02]} 22. Bf3 {[%emt 0:00:46]} Kf8 {[%emt 0:
03:21]} 23. Be3 {[%emt 0:10:10]} Bc5 {[%emt 0:00:30]} 24. Bxc5+ {[%emt 0:00:22]
} Rxc5 {[%emt 0:00:06]} 25. b4 {[%emt 0:00:14]} axb4 {[%emt 0:03:44]} 26. Rfb1
{[%emt 0:00:43]} Bc4 {[%emt 0:01:04]} 27. Rxb4 {[%emt 0:00:37]} b5 {[%emt 0:00:
05]} 28. Rb2 {[%emt 0:00:18]} Rc7 {[%emt 0:00:29]} 29. e3 {[%emt 0:03:28]} Rcd7
{[%emt 0:03:43]} 30. Be2 {[%emt 0:10:06]} Bxe2 {[%emt 0:05:49]} 31. Rxe2 {
[%emt 0:00:05]} Rd1+ {[%emt 0:00:13]} 32. Rxd1 {[%emt 0:00:03]} Rxd1+ {[%emt 0:
00:03]} 33. Kg2 {[%emt 0:00:04]} Ke7 {[%emt 0:00:21]} 34. Rb2 {[%emt 0:00:05]}
Rd5 {[%emt 0:00:04]} 35. Kf3 {[%emt 0:00:36]} Kd6 {[%emt 0:00:45]} 36. e4 {
[%emt 0:00:45]} Rc5 {[%emt 0:01:28]} 37. Ke3 {[%emt 0:00:07]} Kc6 {[%emt 0:00:
57]} 38. Kd3 {[%emt 0:02:55]} Kb6 {[%emt 0:02:26]} 39. f4 {[%emt 0:01:55]} Rc1
{[%emt 0:01:44]} 40. e5 {[%emt 0:01:10]} g6 {[%emt 0:01:53]} 41. Kd4 {[%emt 0:
30:23]} Kc6 {[%emt 0:31:49]} 42. Kd3 {[%emt 0:01:56]} h5 {[%emt 0:00:00]} 43.
Kd2 {[%emt 0:00:00]} Rc5 {[%emt 0:00:00]} 44. Ra2 {[%emt 0:00:00]} Kb6 {
[%emt 0:00:00]} 45. Ra8 {[%emt 0:00:00]} Kb7 {[%emt 0:00:00]} 46. Rd8 {[%emt 0:
00:00]} Rc7 {[%emt 0:00:00]} 1/2-1/2

[Event "EICC 2021"]
[Site "Reykjavik"]
[Date "2021.08.29"]
[Round "4.40"]
[White "Martinovic, Sasa"]
[Black "Aizenberg, Benny"]
[Result "1-0"]
[WhiteElo "2548"]
[BlackElo "2309"]
[Annotator "ChessBase"]
[PlyCount "61"]
[EventDate "2021.08.26"]
[EventType "swiss"]
[EventCountry "ISL"]
[Tiebreak "Cut1 Buchholz"]
[SourceTitle "playchess.com"]
[Source "ChessBase"]
[SourceQuality "1"]
[TimeControl "40/5400+30:1800+30"]

1. d4 {[%emt 0:00:01]} Nf6 {[%emt 0:00:01]} 2. c4 {[%emt 0:00:06]} g6 {[%emt 0:
00:03]} 3. Nf3 {[%emt 0:00:04]} Bg7 {[%emt 0:00:06]} 4. g3 {[%emt 0:00:08]} c6
{[%emt 0:00:34]} 5. Bg2 {[%emt 0:00:11]} d5 {[%emt 0:00:01]} 6. O-O {[%emt 0:
00:10]} O-O {[%emt 0:00:05]} 7. Nc3 {[%emt 0:00:03]} dxc4 {[%emt 0:02:48]} 8.
e4 {[%emt 0:00:05]} b5 {[%emt 0:01:21]} 9. Qe2 {[%emt 0:00:13]} Nbd7 {[%emt 0:
04:01]} 10. Rd1 {[%emt 0:02:48]} Bb7 {[%emt 0:01:57]} 11. e5 {[%emt 0:04:20]}
Nd5 {[%emt 0:01:34]} 12. e6 {[%emt 0:02:39]} Nxc3 {[%emt 0:03:15]} 13. bxc3 {
[%emt 0:01:36]} Nb6 {[%emt 0:01:15]} 14. exf7+ {[%emt 0:00:39]} Rxf7 {[%emt 0:
00:03]} 15. Ng5 {[%emt 0:02:48]} Rf6 {[%emt 0:00:33]} 16. Ne6 {[%emt 0:05:11]}
Qd7 {[%emt 0:02:28]} 17. Re1 {[%emt 0:18:59]} Na4 {[%emt 0:23:33]} 18. Nxg7 {
[%emt 0:01:53]} Kxg7 {[%emt 0:00:01]} 19. Qxe7+ {[%emt 0:03:14]} Qxe7 {[%emt 0:
04:34]} 20. Rxe7+ {[%emt 0:00:06]} Rf7 {[%emt 0:00:05]} 21. Bh6+ {[%emt 0:00:
11]} Kf6 {[%emt 0:00:32]} 22. Re5 {[%emt 0:12:00]} g5 {[%emt 0:15:01]} 23. Rae1
{[%emt 0:07:01]} Kg6 {[%emt 0:00:24]} 24. Bxg5 {[%emt 0:01:22]} Nxc3 {[%emt 0:
03:29]} 25. Re6+ {[%emt 0:00:59]} Kxg5 {[%emt 0:00:29]} 26. R1e5+ {[%emt 0:00:
30]} Rf5 {[%emt 0:00:04]} 27. Rxf5+ {[%emt 0:00:41]} Kxf5 {[%emt 0:00:03]} 28.
Bh3+ {[%emt 0:00:04]} Kg5 {[%emt 0:00:07]} 29. f4+ {[%emt 0:00:03]} Kh5 {
[%emt 0:00:39]} 30. g4+ {[%emt 0:00:06]} Kh4 {[%emt 0:00:01]} 31. Rh6# {
[%emt 0:00:06]} 1-0

[Event "European Individual Chess Championship "]
[Site "Reykjavik, Iceland"]
[Date "2021.08.29"]
[Round "4.41"]
[White "Baltag, Iulian"]
[Black "Deac, Bogdan-Daniel"]
[Result "1/2-1/2"]
[WhiteElo "2410"]
[BlackElo "2639"]
[PlyCount "72"]
[EventDate "2021.08.26"]

1. d4 d5 2. c4 e6 3. Nf3 Nf6 4. g3 dxc4 5. Qa4+ Nbd7 6. Qxc4 a6 7. Bg2 b5 8.
Qd3 Bb7 9. O-O c5 10. dxc5 Bxc5 11. Be3 Qb6 12. Bxc5 Nxc5 13. Qe3 O-O 14. Nbd2
Nd5 15. Qd4 Na4 16. Qxb6 Ndxb6 17. b3 Nc3 18. Rfe1 Rfd8 19. e3 Rac8 20. a3 g5
21. h3 e5 22. Nb1 f6 23. Nbd2 Bd5 24. Bf1 h5 25. a4 Bb7 26. axb5 axb5 27. Ra7
Rc7 28. g4 hxg4 29. hxg4 Rh7 30. e4 Nc8 31. Raa1 Nd6 32. Re3 b4 33. Bd3 Rhd7
34. Ne1 Ndb5 35. Nf1 Nd4 36. f3 Rc7 {unreadable} 1/2-1/2

[Event "European Individual Chess Championship "]
[Site "Reykjavik, Iceland"]
[Date "2021.08.29"]
[Round "4.42"]
[White "Suleymanli, Aydin"]
[Black "Maltsevskaya, Aleksandra"]
[Result "1-0"]
[WhiteElo "2536"]
[BlackElo "2409"]
[PlyCount "47"]
[EventDate "2021.08.26"]

1. d4 d5 2. c4 e6 3. Nc3 Nf6 4. Bg5 Be7 5. e3 Nbd7 6. Qc2 c6 7. a3 O-O 8. Nf3
Re8 9. Rd1 dxc4 10. Bxc4 Nd5 11. h4 h6 12. Bf4 Nxf4 13. exf4 b5 14. Ba2 Bb7 15.
Ne5 Nf8 16. Qe2 b4 17. Ne4 bxa3 18. Qh5 Qa5+ 19. b4 Bxb4+ 20. Kf1 f5 21. Nf6+
gxf6 22. Rh3 Re7 23. Rg3+ Kh7 24. Nf7 1-0

[Event "European Individual Chess Championship "]
[Site "Reykjavik, Iceland"]
[Date "2021.08.29"]
[Round "4.43"]
[White "Kaasen, Tor Fredrik"]
[Black "Plat, Vojtech"]
[Result "1/2-1/2"]
[WhiteElo "2406"]
[BlackElo "2531"]
[PlyCount "78"]
[EventDate "2021.08.26"]

1. e4 e5 2. Nf3 Nf6 3. d4 Nxe4 4. Bd3 Nc6 5. Nxe5 Nxe5 6. dxe5 d5 7. exd6 Nxd6
8. Nc3 Be6 9. O-O g6 10. Ne2 Bg7 11. Nf4 O-O 12. Nxe6 fxe6 13. c3 e5 14. Be3 b6
15. Qg4 Qc8 16. Bc4+ Kh8 17. Be6 Qe8 18. Bb3 Nf5 19. Bg5 Bf6 20. Rfe1 Qe7 21.
Bxf6+ Qxf6 22. Re2 Rae8 23. Rae1 Re7 24. g3 e4 25. Qf4 g5 26. Qd2 Rfe8 27. Ba4
c6 28. Bc2 Nd6 29. Qd4 Qxd4 30. cxd4 Kg7 31. f3 e3 32. Be4 Nb5 33. Rd1 Rd8 34.
Rxe3 Nxd4 35. Kf2 c5 36. Rde1 Kf6 37. Rh1 Nc2 38. Re2 Nb4 39. Bb1 Rxe2+ 1/2-1/2

[Event "European Individual Chess Championship "]
[Site "Reykjavik, Iceland"]
[Date "2021.08.29"]
[Round "4.44"]
[White "Ferreira, Jorge Viterbo"]
[Black "Fruebing, Stefan"]
[Result "1-0"]
[WhiteElo "2520"]
[BlackElo "2406"]
[PlyCount "79"]
[EventDate "2021.08.26"]

1. e4 e5 2. Nf3 Nc6 3. Bb5 Nf6 4. Nc3 Nd4 5. O-O c6 6. Bd3 Nxf3+ 7. Qxf3 Bd6 8.
Be2 O-O 9. d3 Ne8 10. Qg3 Nc7 11. d4 Qe7 12. Bh6 f6 13. f4 exf4 14. Bxf4 Bxf4
15. Qxf4 d5 16. exd5 Nxd5 17. Nxd5 cxd5 18. Bd3 Be6 19. Rae1 Qd7 20. Qh4 h6 21.
Qg3 Kh8 22. Qg6 Bg8 23. Re3 Qf7 24. Rfe1 f5 25. Qxf7 Rxf7 26. Re5 f4 27. Rxd5
Bh7 28. Bxh7 Kxh7 29. Kf2 Rc8 30. c3 Rc6 31. Rde5 Rb6 32. b3 Kg6 33. c4 Ra6 34.
R1e2 Raf6 35. Kf3 Rd7 36. d5 Kf7 37. h4 a5 38. Re6 g5 39. hxg5 hxg5 40. Kg4 1-0

[Event "European Individual Chess Championship "]
[Site "Reykjavik, Iceland"]
[Date "2021.08.29"]
[Round "4.45"]
[White "Krastev, Alexander"]
[Black "Hjartarson, Johann"]
[Result "1/2-1/2"]
[WhiteElo "2389"]
[BlackElo "2519"]
[PlyCount "75"]
[EventDate "2021.08.26"]

1. e4 g6 2. d4 Bg7 3. Nf3 d6 4. Bc4 Nf6 5. Qe2 O-O 6. e5 dxe5 7. dxe5 Nd5 8.
O-O Bg4 9. Nbd2 Nb6 10. Bb3 Nc6 11. h3 Nd4 12. Qe3 Nxb3 13. axb3 Nd5 14. Qe2
Bf5 15. Ne4 c6 16. Ng3 Qc8 17. Nd4 Bd7 18. c4 Nc7 19. f4 c5 20. Nf3 b6 21. Bd2
a5 22. Bc3 Re8 23. Qf2 f5 24. h4 Ne6 25. Ne2 Bc6 26. h5 Rd8 27. Qg3 Nf8 28.
hxg6 hxg6 29. Rad1 Rxd1 30. Rxd1 Qe8 31. Nh4 a4 32. e6 Be4 33. Bxg7 Kxg7 34.
Nc3 Bc2 35. Re1 axb3 36. Nd5 Rd8 37. Qc3+ Kg8 38. Qe5 1/2-1/2

[Event "European Individual Chess Championship "]
[Site "Reykjavik, Iceland"]
[Date "2021.08.29"]
[Round "4.46"]
[White "Budisavljevic, Luka"]
[Black "Jacobsen, Mikkel Manosri"]
[Result "1-0"]
[WhiteElo "2495"]
[BlackElo "2309"]
[PlyCount "49"]
[EventDate "2021.08.26"]

1. e4 c6 2. d4 d5 3. e5 c5 4. dxc5 e6 5. a3 Bxc5 6. Nf3 Nc6 7. b4 Bb6 8. Bb2
Nge7 9. Nbd2 Ng6 10. h4 h5 11. g3 Bc7 12. Qe2 a6 13. Rd1 Bd7 14. c4 Nce7 15.
Bg2 Ba4 16. Rc1 Qd7 17. O-O Rd8 18. Rfe1 Bb8 19. Qe3 Nf5 20. Qg5 d4 21. Bh3
Nge7 22. Ne4 Kf8 23. Bxf5 exf5 24. Nc5 Qe8 25. Nxd4 1-0